[Event "Oberliga Nord O 1617"]
[Site "Germany"]
[Date "2017.02.19"]
[Round "6.8"]
[White "Sowada, Christoph"]
[Black "Gieritz, Dietmar"]
[Result "1-0"]
[WhiteElo "1943"]
[BlackElo "2060"]
[PlyCount "48"]
[EventDate "2016.10.16"]
[EventType "team-tourn"]
[EventRounds "9"]
[EventCountry "GER"]
[SourceTitle "EXT 2018"]
[Source "ChessBase"]
[SourceDate "2017.10.13"]
[SourceVersion "1"]
[SourceVersionDate "2017.10.13"]
[SourceQuality "1"]
[WhiteTeam "Greifswald"]
[BlackTeam "Oberschoeneweide"]
[WhiteTeamCountry "GER"]
[BlackTeamCountry "GER"]

1. e4 e6 2. d4 d5 3. Nd2 Nf6 4. e5 Nfd7 5. Bd3 c5 6. c3 Qb6 7. Ngf3 Be7 8. 0-0 0-0 9. Re1 Re8 10. Nf1 cxd4 11. cxd4 Nc6 12. a3 a5 13. b3 f6 14. Ng3 Nf8 15. Nh5 Kh8 16. Bc2 Bd7 17. Qd3 fxe5 18. Rxe5 Ng6 19. Nf4 Ncxe5 20. Nxe5 Rec8 21. Nfxg6+ hxg6 22. Nxg6+ Kg8 23. Nxe7+ Kf7 24. Nxc8 Rxc8 1-0

[Event "Gibraltar Masters 13th"]
[Site "Caleta"]
[Date "2015.01.31"]
[Round "5"]
[White "Gieritz, Dietmar"]
[Black "Gravett, Alan David"]
[Result "1-0"]
[WhiteElo "2048"]
[BlackElo "1877"]
[PlyCount "61"]
[EventDate "2015.01.27"]
[EventType "swiss"]
[EventRounds "10"]
[EventCountry "GGB"]
[SourceTitle "CBM 165"]
[Source "ChessBase"]
[SourceDate "2015.03.11"]
[SourceVersion "1"]
[SourceVersionDate "2015.03.11"]
[SourceQuality "1"]

1. Nf3 Nf6 2. g3 d5 3. Bg2 c6 4. d4 Bf5 5. c4 e6 6. Nc3 h6 7. a4 a5 8. Qb3 Ra7 9. 0-0 Be7 10. Rd1 Nbd7 11. Ne1 0-0 12. Bf4 dxc4 13. Qxc4 Nb6 14. Qb3 Nbd5 15. Bd2 Qb6 16. Qxb6 Nxb6 17. e4 Bg6 18. d5 exd5 19. Be3 d4 20. Bxd4 c5 21. Be3 Bh5 22. f3 Nc4 23. Bc1 g5 24. Nd3 Nb6 25. Be3 Rc8 26. Ne5 Raa8 27. g4 Bg6 28. Nxg6 fxg6 29. e5 Ne8 30. f4 Nc4 31. Bd5+ 1-0

[Event "Gibraltar Challengers-A 13th"]
[Site "Caleta"]
[Date "2015.01.27"]
[Round "2"]
[White "Tortolero Hernandez, Cesar Aug"]
[Black "Gieritz, Dietmar"]
[Result "0-1"]
[WhiteElo "1937"]
[BlackElo "2048"]
[PlyCount "44"]
[EventDate "2015.01.26"]
[EventType "swiss"]
[EventRounds "5"]
[EventCountry "GGB"]
[SourceTitle "CBM 164 Extra"]
[Source "ChessBase"]
[SourceDate "2015.03.02"]
[SourceVersion "1"]
[SourceVersionDate "2015.03.02"]
[SourceQuality "1"]

1. Nf3 Nf6 2. c4 g6 3. Nc3 d5 4. cxd5 Nxd5 5. g3 Bg7 6. Bg2 0-0 7. 0-0 c5 8. a3 Nc6 9. Nxd5 Qxd5 10. d3 Qd6 11. Qc2 Bd7 12. Be3 b6 13. Rac1 Rac8 14. Qd2 Na5 15. Qc2 c4 16. d4 Bf5 17. Qa4 Be4 18. Bf4 Qd5 19. Rfd1 Nb3 20. Be3 a5 21. Rxc4 Qxc4 22. Qxc4 Rxc4 0-1

[Event "Gibraltar Masters 11th"]
[Site "Caleta"]
[Date "2013.01.28"]
[Round "7"]
[White "Gieritz, Dietmar"]
[Black "Pribyl, Jaroslav1111"]
[Result "1-0"]
[WhiteElo "2112"]
[BlackElo "1932"]
[PlyCount "57"]
[EventDate "2013.01.22"]
[EventType "swiss"]
[EventRounds "10"]
[EventCountry "GGB"]
[SourceTitle "CBM 153"]
[Source "ChessBase"]
[SourceDate "2013.03.14"]
[SourceVersion "1"]
[SourceVersionDate "2013.03.14"]
[SourceQuality "1"]

1. Nf3 Nf6 2. g3 g6 3. Bg2 Bg7 4. 0-0 d5 5. d4 0-0 6. c4 c6 7. Nc3 dxc4 8. a4 Na6 9. h3 Nd5 10. e4 Ndb4 11. Be3 Nd3 12. Qe2 Be6 13. Rfd1 Qa5 14. Ng5 Rfd8 15. Nxe6 fxe6 16. Qg4 Nc7 17. e5 Nxb2 18. Rdc1 Nd3 19. Rc2 Rf8 20. Ne4 b5 21. Ng5 Ne1 22. Bd2 Nxc2 23. Bxa5 Nxa1 24. Bxc7 Nb3 25. Qxe6+ Kh8 26. Bxc6 Nxd4 27. Nf7+ Rxf7 28. Qxf7 Nxc6 29. Qd5 1-0

[Event "Gibraltar Challengers-B 10th"]
[Site "Caleta"]
[Date "2012.01.30"]
[Round "3"]
[White "Gieritz, Dietmar"]
[Black "Knudsen, Jes West"]
[Result "1-0"]
[WhiteElo "2134"]
[BlackElo "1892"]
[PlyCount "41"]
[EventDate "2012.01.28"]
[EventType "swiss"]
[EventRounds "5"]
[EventCountry "GGB"]
[SourceTitle "CBM 146 Extra"]
[Source "ChessBase"]
[SourceDate "2012.02.29"]
[SourceVersion "1"]
[SourceVersionDate "2012.02.29"]
[SourceQuality "1"]

1. Nf3 f5 2. e4 fxe4 3. Ng5 Nf6 4. d3 d5 5. dxe4 Qd6 6. exd5 Nxd5 7. Bd3 Qe5+ 8. Be4 Nf6 9. f4 Qc5 10. Nc3 Bg4 11. Bf3 Bc8 12. Qd3 Nc6 13. Be3 Qf5 14. Qc4 Nd8 15. 0-0-0 c6 16. Bxc6+ bxc6 17. Rxd8+ Kxd8 18. Qxc6 Ng4 19. Nf7+ Qxf7 20. Rd1+ Bd7 21. Qxd7# 1-0

[Event "Gibraltar Challengers-B 10th"]
[Site "Caleta"]
[Date "2012.01.29"]
[Round "2"]
[White "Helin, Mikael"]
[Black "Gieritz, Dietmar"]
[Result "0-1"]
[WhiteElo "1935"]
[BlackElo "2134"]
[PlyCount "58"]
[EventDate "2012.01.28"]
[EventType "swiss"]
[EventRounds "5"]
[EventCountry "GGB"]
[SourceTitle "CBM 146 Extra"]
[Source "ChessBase"]
[SourceDate "2012.02.29"]
[SourceVersion "1"]
[SourceVersionDate "2012.02.29"]
[SourceQuality "1"]

1. e4 e6 2. Nf3 d5 3. e5 c5 4. b4 cxb4 5. d4 Nc6 6. a3 bxa3 7. c3 f6 8. Bd3 fxe5 9. dxe5 g6 10. h4 Bg7 11. Bf4 Nge7 12. h5 0-0 13. g3 Qb6 14. Rh2 Bd7 15. Nxa3 Rac8 16. Nc2 Qc5 17. Ra3 Nf5 18. hxg6 hxg6 19. g4 Nfe7 20. Bg3 a6 21. Rb3 Na5 22. Bxg6 Nxb3 23. c4 Nxg6 24. Ne3 Qb4+ 25. Kf1 Rxf3 26. Kg2 Rxe3 27. Qb1 Rxg3+ 28. fxg3 Qxc4 29. Kh3 Nxe5 0-1

[Event "Oberliga Nord O 0910"]
[Site "Germany"]
[Date "2010.01.24"]
[Round "5.8"]
[White "Koepcke, Klaus Peter"]
[Black "Gieritz, Dietmar"]
[Result "1-0"]
[WhiteElo "2150"]
[BlackElo "2152"]
[PlyCount "105"]
[EventDate "2009.10.18"]
[EventType "team-tourn"]
[EventRounds "9"]
[EventCountry "GER"]
[SourceTitle "EXT 2011"]
[Source "ChessBase"]
[SourceDate "2010.11.26"]
[SourceVersion "1"]
[SourceVersionDate "2010.11.26"]
[SourceQuality "1"]
[WhiteTeam "Greifswald"]
[BlackTeam "Oberschoeneweide"]
[WhiteTeamCountry "GER"]
[BlackTeamCountry "GER"]

1. d4 Nf6 2. c4 g6 3. Nc3 d5 4. Nf3 Bg7 5. e3 0-0 6. Bd2 b6 7. Qb3 Bb7 8. Be2 e6 9. 0-0 Ne4 10. cxd5 exd5 11. a4 c5 12. dxc5 Nxc5 13. Qa2 Nc6 14. Nb5 Ne4 15. Rfd1 Qe7 16. Be1 Rfd8 17. Nfd4 Ne5 18. Rac1 h5 19. Rc7 Rd7 20. Rdc1 Nc5 21. Rxd7 Qxd7 22. b4 Na6 23. Qb2 Nc4 24. Qb3 Bh6 25. Rd1 Ne5 26. Nf3 Ng4 27. h3 Nf6 28. Bc3 Qe7 29. Bxf6 Qxf6 30. Nbd4 Bf8 31. Bxa6 Bxa6 32. Qxd5 Rd8 33. Qb3 Qd6 34. b5 Bb7 35. Rc1 Bd5 36. Qc3 Rd7 37. Nc6 Bg7 38. Nfd4 Rc7 39. Qd2 Bf6 40. Rd1 Qa3 41. a5 Bc4 42. axb6 axb6 43. Rc1 Qa4 44. Qb4 Qxb4 45. Nxb4 Be5 46. Na6 Rc5 47. Nc6 Rxc6 48. bxc6 Bxa6 49. c7 Bc8 50. Rc6 Kf8 51. f4 Bg7 52. Rd6 Ke7 53. Rd8 1-0

[Event "BL2-Nord 0809"]
[Site "Germany"]
[Date "2008.12.14"]
[Round "4.6"]
[White "Gieritz, Dietmar"]
[Black "Tomczak, Rainer"]
[Result "1/2-1/2"]
[WhiteElo "2160"]
[BlackElo "2310"]
[PlyCount "31"]
[EventDate "2008.10.05"]
[EventType "team-tourn"]
[EventRounds "9"]
[EventCountry "GER"]
[SourceTitle "CBM 129 Extra"]
[Source "ChessBase"]
[SourceDate "2009.05.05"]
[SourceVersion "2"]
[SourceVersionDate "2009.05.20"]
[SourceQuality "1"]
[WhiteTeam "Oberschoeneweide"]
[BlackTeam "Koenig Tegel"]
[WhiteTeamCountry "GER"]
[BlackTeamCountry "GER"]

1. Nf3 Nf6 2. g3 d5 3. Bg2 e6 4. 0-0 Be7 5. d4 0-0 6. c4 dxc4 7. Ne5 c5 8. dxc5 Qc7 9. Nxc4 Qxc5 10. Qb3 Nc6 11. Be3 Qb4 12. Qc2 Nd5 13. Bd2 Qc5 14. Rc1 b5 15. Ne3 Qxc2 16. Nxc2 1/2-1/2

[Event "Oberliga Nord W 0304"]
[Site "Germany"]
[Date "2003.11.02"]
[Round "2.4"]
[White "Kampmann, Heiko"]
[Black "Gieritz, Dietmar"]
[Result "1-0"]
[WhiteElo "2160"]
[BlackElo "2184"]
[PlyCount "49"]
[EventDate "2003.10.12"]
[EventType "team-tourn"]
[EventRounds "9"]
[EventCountry "GER"]
[SourceTitle "EXT 2005"]
[Source "ChessBase"]
[SourceDate "2004.11.15"]
[SourceVersion "1"]
[SourceVersionDate "2004.11.15"]
[SourceQuality "1"]
[WhiteTeam "Hannover PSC"]
[BlackTeam "Hannover SF"]
[WhiteTeamCountry "GER"]
[BlackTeamCountry "GER"]

1. e4 e6 2. d4 d5 3. e5 c5 4. c3 Nc6 5. Nf3 Qb6 6. a3 a5 7. Bd3 Bd7 8. Bc2 f6 9. 0-0 fxe5 10. dxe5 g6 11. Re1 Bg7 12. Nbd2 Nge7 13. c4 0-0 14. Qe2 Nf5 15. Qd3 Ncd4 16. Bd1 Bc6 17. Nxd4 Nxd4 18. Nb3 Rac8 19. Nxd4 cxd4 20. Bg4 Rfe8 21. Qh3 Kf7 22. Qxh7 Bd7 23. Bh6 Rg8 24. cxd5 Rc2 25. Re4 1-0

[Event "Oberliga Nord W 0304"]
[Site "Germany"]
[Date "2003.10.12"]
[Round "1.3"]
[White "Bode, Wilfried"]
[Black "Gieritz, Dietmar"]
[Result "1/2-1/2"]
[WhiteElo "2349"]
[BlackElo "2184"]
[PlyCount "69"]
[EventDate "2003.10.12"]
[EventType "team-tourn"]
[EventRounds "9"]
[EventCountry "GER"]
[SourceTitle "EXT 2005"]
[Source "ChessBase"]
[SourceDate "2004.11.15"]
[SourceVersion "1"]
[SourceVersionDate "2004.11.15"]
[SourceQuality "1"]
[WhiteTeam "Werder Bremen II"]
[BlackTeam "Hannover SF"]
[WhiteTeamCountry "GER"]
[BlackTeamCountry "GER"]

1. g3 g6 2. Bg2 d5 3. Nf3 Nf6 4. c4 Bg7 5. 0-0 0-0 6. Na3 c5 7. d3 Nc6 8. Bd2 Re8 9. Qc1 d4 10. Nc2 e5 11. Bg5 Bf5 12. Nd2 Qd7 13. a3 Bh3 14. b4 Bxg2 15. Kxg2 Nh5 16. Nb3 cxb4 17. axb4 f5 18. b5 Nd8 19. Bxd8 Qxd8 20. Nb4 e4 21. c5 f4 22. Qc4+ Kh8 23. Qd5 Qe7 24. Qxe4 Qg5 25. Qxb7 fxg3 26. hxg3 Nf4+ 27. Kh2 Be5 28. Ra2 Qh5+ 29. Kg1 Nxe2+ 30. Kg2 Qg4 31. Rh1 Nf4+ 32. Kg1 Qd1+ 33. Kh2 Qh5+ 34. Kg1 Qd1+ 35. Kh2 1/2-1/2

[Event "Oberliga Nord O 9899"]
[Site "Germany"]
[Date "1999.??.??"]
[Round "?"]
[White "Gieritz, Dietmar"]
[Black "Thal, Olaf"]
[Result "1/2-1/2"]
[WhiteElo "2185"]
[BlackElo "2280"]
[PlyCount "49"]
[EventDate "1998.10.??"]
[EventType "team"]
[EventRounds "9"]
[EventCountry "GER"]
[SourceTitle "EXT 2000"]
[Source "ChessBase"]
[SourceDate "1999.11.16"]
[SourceVersion "1"]
[SourceVersionDate "1999.11.16"]
[SourceQuality "1"]

1. Nf3 Nf6 2. g3 b6 3. Bg2 Bb7 4. 0-0 e6 5. d3 Be7 6. e4 d6 7. Nbd2 0-0 8. Re1 c5 9. c3 Nc6 10. d4 cxd4 11. cxd4 Nb4 12. Qb3 d5 13. e5 Ne4 14. a3 Nc6 15. Bf1 f6 16. Nxe4 dxe4 17. Qxe6+ Kh8 18. exf6 Bxf6 19. Qxe4 Na5 20. Qg4 Nb3 21. Rb1 Nxc1 22. Rexc1 Bxf3 23. Qxf3 Bxd4 24. Qe4 Bxf2+ 25. Kh1 1/2-1/2